[Event "XX SuperGM"]
[Site "Linares ESP"]
[Date "2003.03.01"]
[Round "7"]
[White "Leko, P."]
[Black "Kramnik, V."]
[Result "1/2-1/2"]
[WhiteElo "2736"]
[BlackElo "2807"]
[PlyCount "50"]
[EventDate "2003.02.22"]

1. e4 c5 2. Nf3 Nc6 3. d4 cxd4 4. Nxd4 Nf6 5. Nc3 e5 6. Ndb5 d6 7. Bg5 a6 8.
Na3 b5 9. Bxf6 gxf6 10. Nd5 f5 11. Bd3 Be6 12. O-O Bxd5 (12... Bg7) 13. exd5
Ne7 14. c4 (14. Qh5 e4 15. Be2 Bg7 (15... Rg8 $5 16. f3 $5 Nxd5 17. fxe4 Ne3
18. Rf2 Qb6 19. g3 Rc8 20. c3 d5 $1 21. exd5 Bxa3 22. bxa3 Qf6 23. Re1 Qxc3 24.
Bxb5+ $1 $13 {Kozlov-Jurtaev/USSR/1983}) 16. c3 Qc8 17. Rad1 O-O 18. Nc2 Ng6
19. f4 exf3 20. Rxf3 Re8 {
1-0 Grischuk,A-Sprenger,J/Cologne GER 2003/The Week in Chess 431 (38). (37)}) (
14. c3 Bg7 15. Qh5 e4 16. Bc2 (16. Be2 Qc8 (16... O-O 17. Nc2 f4 18. Qg5 f5 $1
(18... Ng6 19. Qxd8 Rfxd8 20. a4 $14) 19. Qxf4 Nxd5 $13) (16... b4 $6 17. cxb4
Bxb2 18. Rab1 $1 Bxa3 19. Rb3 $36) (16... Qd7 17. Rad1 O-O 18. f4 Rac8 $10 {
Chiburdanidze-Staniszewski/Polanica Zdroj/1984}) 17. Rad1 Ng6 18. Nc2 O-O 19.
f4 exf3 20. Bxf3 Re8 21. Nd4 Bxd4+ 22. Rxd4 Re5 {1/2-1/2 Karjakin,
S-Harikrishna,P/Hastings ENG 2003/The Week in Chess 426 (38). (37)}) 16... Qc8
17. Rae1 O-O 18. Bb3 a5 19. Qg5 Qb7 20. f3 h6 21. Qf4 (21. Qg3 a4 22. Bc2 b4
23. Nc4 {
1-0 Shirov,A-Kramnik,V/Wijk aan Zee NED 2003/The Week in Chess 428 (44). (43)})
21... a4 22. Bc2 b4 23. cxb4 Qxb4 24. fxe4 Ng6 25. Qxf5 Bxb2 26. e5 Bxe5 27.
Nb1 Rae8 28. Be4 Bf4 29. g3 Re5 30. Qg4 Rxe4 31. Rxe4 Qxe4 32. gxf4 Rb8 {
0-1 Shirov,A-Grischuk,A/Wijk aan Zee NED 2003/The Week in Chess 428 (32).}) (
14. Nxb5 Bg7 15. Nc3 e4 16. Be2 {/\17... Tb8=/+, 17... Db6=/+}) 14... e4 (14...
Bg7 15. cxb5 (15. Qd2 bxc4 $5 16. Nxc4 O-O 17. f4 $6 (17. Rad1 Rb8 18. b3 e4 (
18... Rb5 19. Ne3 f4 $8 20. Nf5 $1 Nxf5 21. Bxf5 $16 {^-}) (18... Nxd5 $2 19.
Bxf5 Ne7 20. Nxd6 $18) 19. Be2 Rb5 20. Ne3 f4 21. Ng4 Rxd5 (21... f5 22. Bxb5
fxg4 23. Bxa6 Qe8 24. Rfe1 Qg6 25. Bf1 $18) 22. Qxf4 f5 23. Rxd5 Nxd5 24. Bc4
fxg4 25. Qxe4 $18 {_|_}) 17... e4 18. Be2 Rb8 {/\Rb5 ><d5} 19. Rab1 Rb5 20. Ne3
$8 Qb6 $1 $17 21. Kh1 (21. Bxb5 Bd4 $1 22. Rfe1 $8 Nxd5 23. Kh1 $8 Nxe3 24. Be2
d5 {/\Lc5/Lg7,d4-d3-+}) 21... Rxb2 22. Rxb2 Qxb2 23. Qxb2 Bxb2 24. Rd1 Ba3 25.
Bxa6 Bc5 {-/+/-+Stefansson-Krasenko/Gausdal/1991}) 15... e4 16. Be2 Bxb2 17.
Nc4 Bxa1 18. Qxa1 O-O $17) (14... Bg7 $5 {
This is an interesting alternative, trying to delay the advance e5-e4.}) 15.
Be2 Bg7 16. Qd2 b4 (16... O-O 17. cxb5 axb5 18. Nxb5 Ng6 19. a4 Be5 20. f4 exf3
21. Rxf3 f4 22. Rh3 Kh8 23. Bd3 Rg8 24. Kh1 {
0-1 Wong Zi Jing-Uribe,M/Istanbul TUR 2000/The Week in Chess 314 (50). (50)}) (
16... bxc4 17. Nxc4 O-O 18. Rac1 (18. Rad1 Rb8 (18... Ng6 $6 {N} 19. f4 $14 {
Bryson-Antonov/corr 14.world-ch/1991}) 19. Qf4 $1 Rb5 (19... Bxb2 $6 20. f3 $1
e3 21. Qxe3 Ng6 22. f4 Rc8 23. Qd2 $16 {Minasian-Krasenkov/Baku/1979}) (19...
Bxb2) (19... Qd7 20. b3 (20. f3 Ng6 21. Qxd6 Qxd6 22. Nxd6 Rxb2 $36) 20... Rfd8
{0-1 Vukovic,Z-Rogozenko,D/Bucharest 2000/CBM 77/[Rogozenko] (39). (39)} (20...
Rbd8 21. f3 $1 Ng6 22. Qe3 Rfe8 23. f4 $5 {The evaluation of this position is
important for the whole line with 19. ... Qd7. I think White might be slightly
better, but the position remains complicated.}))) 18... Rb8 19. b4 (19. a4 Rb3)
19... Rb5 20. Ne3 f4 (20... Rb8 21. Rc4 (21. f4 Qb6 22. Rc4 Nxd5) 21... Qd7 (
21... f4 22. Nc2 $16) 22. Rfc1 $16) 21. Nc2 {
1-0 Kosteniuk,A-McShane,L/Hastings ENG 2003/The Week in Chess 426 (38). (37)} (
21. Bxb5 fxe3 {1/2-1/2 Huebner,R-Sax,G/Tilburg 1979/MCL/[Huebner,R] (73). (73)}
)) 17. Qxb4 Rb8 18. Qa4+ Kf8 $146 (18... Qd7 19. Qxa6 O-O (19... Rxb2 20. Rab1
Rxe2 21. Rb8+ Nc8 22. c5 Rxa2 23. Rxc8+ Ke7 24. cxd6+ Kf6 25. Rc7 $18) (19...
Bxb2 20. Rab1 {/\Sb5+-}) 20. Nb5 Bxb2 21. Rab1 Be5 22. f4 exf3 23. Rxf3 {
1-0 Henriquez,J-Sepulveda,A/Santiago 1993/EXT 99 (40). (39)}) 19. Rab1 Bxb2 20.
Nc2 Ng6 21. Nb4 Qf6 22. Nc6 Re8 23. f4 Bd4+ 24. Kh1 Kg7 25. Bh5 (25. Nxd4 Qxd4
26. Qd7) 25... Bc5 1/2-1/2

[Event "XX SuperGM"]
[Site "Linares ESP"]
[Date "2003.03.02"]
[Round "8"]
[White "Ponomariov, R."]
[Black "Anand, V."]
[Result "1/2-1/2"]
[WhiteElo "2734"]
[BlackElo "2753"]
[PlyCount "88"]
[EventDate "2003.02.22"]

1. e4 c5 2. Nf3 Nc6 3. Bb5 e6 4. Bxc6 bxc6 5. d3 Ne7 6. Qe2 (6. Ng5 Ng6 (6...
f6 7. Nh3 g6 8. f4 Bg7 9. O-O O-O 10. Nf2 d6 11. Nd2 a5 12. a4 f5 13. Nf3 Rb8
14. Rb1 c4 $5 15. dxc4 fxe4 16. Nxe4 d5 17. cxd5 exd5 18. Nf2 Qb6 19. Re1 Nf5
20. Ne5 Rb7 21. b3 Rd8 $44 {
1/2-1/2 Bologan,V-Shabalov,A/Connecticut USA 2000/The Week in Chess 286 (37)})
7. f4 Be7 8. Nf3 d5 9. c4 e5 10. f5 dxe4 11. dxe4 Nf4 $2 12. Qxd8+ Bxd8 13.
Nxe5 Nxg2+ 14. Kf2 Nh4 15. Nc3 Bf6 16. Ng4 Bd4+ 17. Kg3 h5 18. Nf2 Bf6 19. Nh3
Bxf5 20. exf5 Nxf5+ 21. Kf4 $18 {
1-0 Bologan,V-Sveshnikov,E/Tallinn EST 2000/The Week in Chess 273 (42)}) (6. h4
h5 7. Qe2 f6 8. e5 fxe5 9. Nxe5 d6 10. Nc4 Nf5 11. Bg5 Be7 12. Bxe7 Qxe7 13.
Nc3 e5 14. O-O-O Be6 15. Kb1 Rb8 16. Rde1 Nd4 17. Qd2 O-O 18. Nd1 Qc7 19. f3
Rf4 20. Re4 d5 21. Rxf4 exf4 22. Qa5 Qe7 23. Ne5 Bf5 $17 {
0-1 Shabanov,Y-Arkhipov,S/Smolensk RUS 2000/The Week in Chess 287 (61)}) 6...
Qc7 (6... Ng6 7. O-O {
1-0 Willmoth,R-Ramaswamy,A/Torquay 2002/CBM 91/[Hecht] (53).  (52)} (7. h4 $5
h5 8. e5 f6 {
1/2-1/2 Vokarev,S-Arkhipov,S/Smolensk RUS 2000/The Week in Chess 287 (27)} (
8... d6 9. exd6 Bxd6 10. Nc3 {1-0 Yudasin,L-Manca,F/Reggio Emilia ITA 2000 (28)
}))) 7. Ng5 $146 (7. e5 Nf5 8. Bd2 Be7 9. Bc3 O-O 10. Nbd2 Bb7 11. Rg1 d5 12.
exd6 Nxd6 13. Qe5 f6 {
1-0 Prokopchuk,E-Sherbakov,R/Novgorod 1999/CBM 69 ext (48).  (47)}) (7. O-O Ng6
8. Ng5 Be7 9. Qh5 Qd8 (9... d6 10. f4 $36) (9... h6 $2 10. Nxf7 Kxf7 11. f4 $16
)) (7. Nc3 Ng6 8. Ng5 e5 9. Qh5 d6 10. O-O h6 11. Nh3 Be7 12. Kh1 Bf6 13. Ng1 {
1/2-1/2 Anand,V-Grischuk,A/Wijk aan Zee NED 2003/The Week in Chess 429 (13).})
(7. Nh4 h6 8. g3 g6 9. f4 Bg7 10. Nf3 f6 11. e5 fxe5 12. fxe5 O-O 13. Nbd2 Nf5
14. c3 Ba6 15. Ne4 c4 16. d4 c5 17. Nxc5 Bb7 18. Nxb7 Qxb7 19. O-O Qd5 20. Bd2
Rab8 21. Rab1 Rb6 22. Be1 Rfb8 23. g4 Ne7 24. Bh4 Nc6 25. Qc2 Kh7 26. Bg3 Rf8
27. Nh4 {
1-0 Palac,M-Cherniaev,A/Catalan Bay ENG 2003/The Week in Chess 430 (27).}) 7...
h6 (7... e5 8. O-O h6 9. Nh3 g5 10. f3 d6 11. Nf2 f5 12. exf5 Bxf5 13. Nd2 Bg7
14. Nde4 {1/2-1/2 Marcelin,C-Lautier,J/Drancy FRA 2003 (108).  (108)}) 8. Nh3 (
8. Nxf7 $4 Kxf7 9. Qh5+ g6 10. Qxc5 Nd5 $19) 8... g6 9. f4 Bg7 10. c4 e5 11.
Nc3 d5 $5 12. O-O O-O (12... Bxh3 13. gxh3 $13) 13. g4 {time: white 1:23 -
black 1:32  with the idea f5-gain space on the king side and keep the position
closed} 13... exf4 14. Bxf4 Qd7 15. exd5 cxd5 16. Rae1 Nc6 (16... dxc4 $5 17.
Qxe7 $2 Qxg4+ 18. Bg3 Qxh3 $17) 17. Nxd5 Nd4 18. Qg2 Qxg4 (18... h5 $6 19. Ne7+
Kh8 20. Qxa8 Bb7 21. Qxa7 Qxg4+ 22. Bg3 Nf3+ (22... Qxh3 $4 23. Qxb7)) 19. Ne7+
Kh7 20. Nxc8 {time: white 0:58 - black 1:09} 20... Qxg2+ 21. Kxg2 Raxc8 {
black is slightly better: strong Nd4 vs Nh3, pawn d3 is weak, but white
controls thee-file} 22. Bd2 (22. Re7) 22... g5 $1 {
the strong pawns are coming to catch pono ;-)} (22... -- 23. Bc3 $140) 23. Re7
{this is the famous "important position" which appears in every game. Vishy
does right, spending a lot of time to find a plan} 23... Kg6 {
time: white 0:43 - black 0:53} 24. Rxa7 Ne6 (24... f5 $5) 25. b4 Rfd8 {
time: white 0:29 - black 0:34} (25... cxb4 26. Bxb4 Ra8 27. Rfxf7 Bd4) 26. b5
Rxd3 27. Bc1 (27. Be1) 27... Rcd8 28. Raxf7 {time: w 0:26 - b 0:26} 28... Rc3
29. Re7 Rd6 30. Nf2 Bf6 (30... Rxc4) 31. Re8 Rc2 {time: w 0:13 - b 0:21} 32.
Kh1 Rxc4 33. Re1 Nc7 34. Rg8+ Kh7 35. Rb8 {time: w 9:50 - b 17:49} 35... Re6
36. Rf1 Nd5 $17 {
all black pieces are more active but the white a+b-pawns are still dangerous}
37. Rc8 Bd4 {time: w 5:00 - b 14:17} 38. Ng4 h5 39. Rd8 $19 Nf4 (39... Nb6 40.
Ne3 (40. Nf2 Bxf2 41. Rxf2 Rxc1+) (40. Rxd4 cxd4 41. Nf2 Re5) (40. Rf7+ Kg6)
40... Bxe3 41. Bxe3 Rxe3) 40. Bxf4 gxf4 41. Nf2 {time: w 57:17 - b 1h11:41}
41... Rc3 {prevents Nd3 or Nh3 and threats Re2;  on Rf3 white has Kg2} 42. Rf8
Rc2 43. Rxf4 (43. Nh3) 43... Ree2 44. b6 Bxf2 $2 $11 (44... Bxf2 45. b7 Bg3 46.
Rf7+ Kg6 47. R1f6+ Kg5 48. hxg3 Rb2) (44... Rxa2 45. b7 Rab2 46. Rf5 Kg6 47.
Rf8 Rxb7 (47... Be5 48. Rg8+ Kh6 49. Rg2) 48. Nd3 Kg7 49. R8f5 (49. Nf4 Re5))
1/2-1/2

[Event "XX SuperGM"]
[Site "Linares ESP"]
[Date "2003.03.02"]
[Round "8"]
[White "Kasparov, G."]
[Black "Kramnik, V."]
[Result "1/2-1/2"]
[WhiteElo "2847"]
[BlackElo "2807"]
[PlyCount "66"]
[EventDate "2003.02.22"]

1. e4 e5 2. Nf3 Nc6 3. Bb5 a6 4. Ba4 Nf6 5. O-O Be7 6. Re1 b5 7. Bb3 O-O 8. h3
Bb7 9. d3 d6 10. a3 Nb8 11. Nbd2 Nbd7 12. Nf1 Re8 13. Ba2 (13. Ng3 Nc5 (13...
g6 14. Bh6 Bf8 15. Qd2 Nc5 16. Ba2 Bxh6 17. Qxh6 Ne6 18. Rad1 Qe7 19. c3 Qf8
20. Qd2 Nf4 21. d4 Qh6 22. dxe5 dxe5 23. Qe3 Re7 24. Qc5 Rae8 25. c4 Bc8 26.
Qe3 Bxh3 27. cxb5 Ng4 {0-1 Ramesh,R-Vladimirov,E/Sangli 2000/EXT 2001 (27).}) (
13... c6 14. Nf5 (14. Nh2 d5 15. Qf3 g6 16. Ba2 Bf8 {
1-0 Ponomariov,R-Ivanchuk,V/Moscow RUS 2002/The Week in Chess 376 (64).  (63)})
14... Bf8 15. Nh2 d5 16. Qf3 Kh8 17. Bg5 h6 18. Bh4 g6 19. Ne3 g5 20. Bg3 {
1-0 Shirov,A-Adams,M/Wijk aan Zee 1998/CBM 63 (40).  (39)}) 14. Ba2 Bf8 (14...
Ne6 15. c3 (15. Ng5 Nxg5 16. Bxg5 h6 17. Be3 {
1/2-1/2 Shirov,A-Svidler,P/Halkidiki GRE 2002/The Week in Chess 412 (53).  (53)
}) 15... c5 16. Nf5 Bf8 17. Nh2 Rc8 18. Ng4 Nxg4 19. Qxg4 Kh8 20. Qf3 Qd7 21.
Ne3 Nf4 22. Nf1 Ne6 23. Ne3 Nf4 24. Nf1 Ne6 25. Ne3 Nf4 {
1/2-1/2 Svidler,P-Adams,M/Moscow RUS 2001/The Week in Chess 370 (25).}) 15. Ng5
{1/2-1/2 Manik,M-Berzinsh,R/Prievidza 1998/EXT 99 (15).}) 13... c6 14. Ng3 Bf8
15. Nf5 d5 16. d4 (16. d4 exd4 (16... c5 {Razuvaev} 17. dxc5 Nxc5 18. exd5 e4
19. Nh2 Nxd5 {is equal}) 17. e5 Ne4 18. Rxe4 dxe4 19. Ng5 Nxe5 20. Qh5 {
is very good for White - Wolfram Schon}) 16... c5 17. dxc5 Nxc5 18. exd5 e4 19.
N3d4 Bxd5 20. Bxd5 Qxd5 21. Bg5 Nfd7 22. Qg4 Ne5 23. Qg3 Ne6 24. Rad1 Nxg5 25.
Qxg5 Qb7 26. Ng3 Nc4 27. Ndf5 Re6 (27... Re6 28. Nxe4 Rg6 29. Qc1 Re8 {
Wolfram Schon}) (27... Nxb2 28. Nxg7 Qe7 29. Qxe7 Rxe7 30. N7f5 Nxd1 31. Nxe7+
Bxe7 32. Rxd1 Bxa3 $19) 28. b3 Nxa3 29. Rxe4 Rxe4 (29... Nxc2 $2 30. Rxe6 fxe6
31. Nh5 exf5 (31... Kh8 32. Nfxg7 Qf7 (32... Bxg7 $4 33. Rd8+ Rxd8 34. Qxd8+
Bf8 35. Qxf8#)) 32. Rd7 Qxd7 33. Nf6+ Kh8 34. Nxd7) 30. Nxe4 Qxe4 31. Nh6+ Kh8
32. Nxf7+ Kg8 33. Nh6+ Kh8 1/2-1/2

[Event "XX SuperGM"]
[Site "Linares ESP"]
[Date "2003.03.02"]
[Round "8"]
[White "Leko, P."]
[Black "Radjabov, T."]
[Result "1-0"]
[WhiteElo "2736"]
[BlackElo "2624"]
[Annotator "hepop"]
[PlyCount "63"]
[EventDate "2003.02.22"]

1. e4 e6 2. d4 d5 3. Nc3 Nf6 4. Bg5 Bb4 5. e5 h6 6. Bd2 Bxc3 7. bxc3 Ne4 8. Qg4
g6 9. Bd3 Nxd2 10. Kxd2 c5 11. h4 Bd7 (11... Nc6 12. Qf4 Qa5 13. h5 gxh5 14.
Nf3 b6 15. Rxh5 Ba6 16. Bxa6 Qxa6 17. Qf6 Rf8 $13 {Fercec,N-Glek,I/Open 1998})
12. h5 g5 13. f4 Nc6 14. fxg5 Qa5 {
they fired the moves fast on the board , but after Qa5 Leko started  thinking}
(14... Qxg5+ 15. Qxg5 hxg5 16. Ke3 {
1-0 Sutovsky,E-Stellwagen,D/Amsterdam 2001/CBM 83 ext (32).  (31)} (16. g4 $6
cxd4 17. cxd4 Nxd4 18. c3 Nc6 19. Nf3 Ke7 20. Rae1 Rh6 $1 (20... Rag8 21. h6 f6
22. h7 Rg7 23. exf6+ Kxf6 24. Rh6+ $44) 21. Nxg5 Rg8 $17) 16... g4 17. Rf1 Ke7
18. Rh4 Rag8 19. Rb1 b6 20. Be2 cxd4+ 21. cxd4 f5 22. exf6+ Kxf6 23. Rf1+ Ke7
24. Rxg4 Rxg4 25. Bxg4 Nxd4 26. Kxd4 {1/2-1/2 Leko-Short EU-chT, 1999}) 15.
dxc5 (15. g6 O-O-O 16. Nf3 cxd4 17. Ke2 Qxc3 (17... dxc3 18. Qf4 d4 19. g7 Rhe8
20. Kf2 Rg8 21. Qf6 Qc5 22. Rae1 Nb4 $17 {
Koch,J-Goldgewicht,L/Cannes Martinez 1995}) 18. gxf7 {
1-0 Gaponenko,I-Grabuzova,T/Timisoara 1994/EXT 97 (51).  (50)}) 15... d4 {
time: white 1:44 , black: 1:58} 16. Nf3 O-O-O 17. Rab1 (17. Ke2 Qxc3 18. Qf4
hxg5 19. Nxg5 Qxc5 20. Nf3 f5 21. Rh4 Rhg8 $132 {
Olivier,J-Goldgewicht,L/Cannes Masters 1995}) 17... dxc3+ 18. Ke2 {
white: 1:38 , black: 1:35} 18... Rhg8 19. Qe4 Qc7 {white 1:20 , black 1:21} 20.
g4 {Teimour is taking a lot of time now} 20... Ne7 {white:1:08 , black 1:04}
21. Bb5 hxg5 22. Rb3 Nd5 23. Rhb1 {time: white 52 min , black 42min} 23... Bc6
{computer says Bxc6! +- ( 2.7 Shredder)... oh Radjabov...} (23... Bxb5+ 24.
Rxb5 b6 25. cxb6 axb6 26. a4 Rd7 27. a5 bxa5 28. Qa4 $18 Nf4+ 29. Ke1 Rd5) 24.
Bxc6 {bxc6 Qc4! +- and Qxc6 Nd4 +- , Radjabov looks lost} 24... Qxc6 25. Nd4 {
time: white 42 min - black 35 min} 25... Qa6+ 26. Ke1 Rd7 27. c6 Rc7 28. Rxb7
Rxb7 29. Rxb7 {+- 3.66 Fritz...} 29... Nb6 30. Qh7 {all over} 30... Rf8 31. Qg7
Qa3 32. Qxf8+ $1 {After Qxf8 Nb5! black is completly lost.} (32. Qxf8+ Qxf8 33.
Nb5 Qc5 34. Nd6+ Kd8 35. c7+ Qxc7 (35... Kd7 36. c8=Q#) 36. Rxc7 Kxc7 37. h6)
1-0

[Event "XX SuperGM"]
[Site "Linares ESP"]
[Date "2003.03.03"]
[Round "9"]
[White "Anand, V."]
[Black "Vallejo Pons, F."]
[Result "1/2-1/2"]
[WhiteElo "2753"]
[BlackElo "2629"]
[PlyCount "55"]
[EventDate "2003.02.22"]

1. e4 e5 2. Nf3 Nc6 3. Bb5 Nf6 4. O-O Nxe4 5. d4 Nd6 6. Bxc6 dxc6 7. dxe5 Nf5
8. Qxd8+ Kxd8 9. Nc3 Ne7 (9... Be7 10. Rd1+ Ke8 11. Bg5 Bxg5 12. Nxg5 Ke7 13.
Rd3 h6 14. Nf3 g6 15. Rad1 {1-0 Anand,V-Ponomariov,R/Linares ESP 2003 (64)})
10. h3 Ng6 11. Bg5+ Ke8 12. Rad1 Bd7 (12... Be7 13. Bxe7 Kxe7 14. Nd4) (12...
Be6 13. Nd4 Bb4 14. Nxe6 fxe6 15. Ne4 Nxe5 16. Bf4 Nf7 17. Bxc7 $14 {
1-0 Ivanchuk,V-Shirov,A/Monte Carlo 1998/CBM 63 ext (59)}) 13. Rd2 (13. Nd4 h6
14. Be3 Bb4 15. f4 Bxc3 16. bxc3 c5 17. Ne2 b6 18. Ng3 h5 19. f5 Nxe5 20. Bf4
f6 21. Rfe1 Ba4 {
1/2-1/2 Shirov,A-Almasi,Z/Monaco MNC 2002/The Week in Chess 386 (21).}) 13...
Be6 (13... Be7 14. Rfd1 (14. Bxe7 Kxe7 15. Nd4 Rhd8 (15... Nf4 16. Kh2 Rhd8 17.
Kg3 g5 18. Ne4 h6 19. h4 Be6 20. Rfd1 Nh5+ 21. Kh2 gxh4 22. Nc5 Rd5 23. Nxb7
Kf8 24. Nxc6 Rb5 25. Nbd8 Rxb2 26. a4 Rb6 27. Rd4 Ng7 28. Rxh4 Nf5 29. Rf4 Kg7
30. g4 Nh4 31. Nxe6+ fxe6 32. Rd7+ Kh8 33. Nd8 Kg8 34. Rf6 Rb1 35. Nxe6 {
1-0 Psakhis,L-Narciso Dublan,M/Andorra la Vella AND 2002/The Week in Chess 401
(35).}) 16. f4 c5 17. Nb3 Bc6 18. Re2 b6 19. f5 Nh4 20. Rf4 g5 21. Rff2 Rg8 22.
Kh2 Rad8 23. Rd2 g4 24. hxg4 Rxg4 25. Kh3 Rxd2 26. Nxd2 Rxg2 27. Rxg2 Nxg2 28.
Nc4 Ne1 29. Ne3 Nf3 30. Ncd5+ Kd8 31. Nf6 Nxe5 32. Nxh7 Ke7 33. Ng5 Kf6 34.
Nh7+ Kg7 35. Ng5 Kf6 36. Nh7+ Kg7 37. Ng5 {
1/2-1/2 Ivanchuk,V-Almasi,Z/Monaco MNC 2002/The Week in Chess 386 (37).}) (14.
Bxe7 {
1/2-1/2 Dworakowska,J-Grabarska,B/Ostrow POL 2002/The Week in Chess 384 (14)})
14... Rd8 15. Ne4 h6 16. Bxe7 Kxe7 17. Nc5 Bc8 18. b4 Rxd2 19. Rxd2 Re8 20. Kh2
Kf8 21. Nd7+ Ke7 22. Nc5 b6 23. Nb3 Kf8 24. Nbd4 Bb7 25. Nf5 c5 26. bxc5 Bxf3
27. gxf3 Nxe5 28. Kg3 bxc5 29. Rd5 Nc6 30. Rxc5 Re6 31. f4 Rg6+ 32. Kf3 Rf6 33.
Kg3 Re6 34. a3 g6 35. Ne3 Ke7 36. f5 Rd6 37. Nc4 Rf6 38. Ne3 Rd6 39. Nc4 Rf6
40. Ne3 {1/2-1/2 Konguvel,P-Markowski,T/Biel 2001/CBM 83 ext (40).}) 14. Rfd1
Be7 15. Ne4 Bd5 16. Re1 Bxg5 (16... Bf8 $6 {Pein}) 17. Nexg5 h6 18. Ne4 Rd8 19.
b3 a5 20. Rd4 Ke7 21. c4 Bxe4 22. Rdxe4 c5 23. e6 f5 24. R4e3 Rhf8 25. a4 Rf6
26. Ne5 Nxe5 27. Rxe5 b6 28. f4 1/2-1/2

[Event "XX SuperGM"]
[Site "Linares ESP"]
[Date "2003.03.03"]
[Round "9"]
[White "Radjabov, T."]
[Black "Kasparov, G."]
[Result "1/2-1/2"]
[WhiteElo "2624"]
[BlackElo "2847"]
[PlyCount "78"]
[EventDate "2003.02.22"]

1. d4 d5 2. c4 dxc4 3. Nf3 Nf6 4. e3 e6 5. Bxc4 c5 6. Qe2 a6 7. dxc5 Bxc5 8.
O-O Nc6 (8... Qc7 {Cifuentes,R} 9. Nbd2 $5 {
Salov,V-Ivanchuk,V/ Tilburg 1994  (23)} (9. e4 Ng4 10. e5 Nxf2 {
Sokolov,I-Georgiev,K/Tilburg  1994  (24)})) 9. e4 b5 10. Bb3 Nd4 11. Nxd4 Qxd4
(11... Bxd4 12. e5 $16) 12. Be3 (12. Nc3 {Hansen,LB} 12... Qe5 $1 13. Be3 (13.
Kh1 {Hansen,LB} 13... b4 $13 (13... Bb7 14. f4 Qd4 $1) (13... Qh5 14. f3 Bb7
15. e5 Nd7 16. Bf4 Qh4 17. Bg3 Qe7 18. f4 g6 19. Bc2 O-O {0-1 Kachur,
A-Kasparov,S/Lvov 1997/EXT 2002 (39). (Note that this is SERGEI Kasparov!)}))
13... Bxe3 14. Qxe3 Ng4 15. Qh3 (15. Qg3 {Cifuentes,R} 15... Qxg3 16. hxg3 Ke7
17. Rac1 Bd7 $11 {Sokolov,I-Lautier,J/ Wijk aan Zee 1997}) 15... h5 $10 {
1/2-1/2 Sokolov,I-Van Wely,L/Groningen 1995 (45)}) (12. e5 {Cifuentes,R} 12...
Qe4 $11) 12... Qe5 (12... Qxe4 13. Nd2 Qf5 {
1/2-1/2 Timman,J-Lautier,J/Ubeda 1997/CBM 58/[Huzman] (60).  (60)} (13... Qe5
14. Qf3 (14. Nf3 Qh5) 14... Bd6 $8 15. g3 (15. Qc6+ $2 Ke7 16. Nf3 Qe4 $17)
15... Nd5 (15... Rb8 16. Bf4 Qc5 17. Rac1 $18 Qb4 18. a3 $18) 16. Bf4 $16 (16.
Rae1 $1 {Cifuentes,R} 16... O-O 17. Bf4 Qxb2 18. Bxd6 Qxd2 19. Rd1 $18)) 14. g4
Nxg4 15. Bxc5 Bb7 16. Rfe1 Rd8 17. Nf1 Qxc5 18. Qxg4 {
1/2-1/2 Lesiege,A-Krush,I/Bermuda BER 2002/The Week in Chess 377 (58)}) 13.
Bxc5 Qxc5 14. Nc3 (14. e5 Nd7 15. Re1 Bb7 16. Nd2 (16. Nc3 {Cifuentes,R} 16...
O-O 17. Rad1 Rfd8 $14)) 14... Bb7 15. Rac1 Rc8 16. Qd2 Qb4 17. Rfd1 O-O 18. f3
Rc7 19. Ne2 Qxd2 20. Rxd2 Rxc1+ 21. Nxc1 Rc8 22. Rc2 Nd7 23. Nd3 Kf8 24. Kf2
Ke7 25. Rxc8 Bxc8 26. e5 f6 27. exf6+ gxf6 28. f4 a5 29. Ke3 h6 30. a3 Kd6 31.
g4 e5 32. h4 exf4+ 33. Kxf4 Nc5 34. Bc2 Nxd3+ 35. Bxd3 b4 36. axb4 axb4 37. Bf5
Bb7 38. Bc2 Bc8 39. Bf5 Bb7 1/2-1/2

[Event "XX SuperGM"]
[Site "Linares ESP"]
[Date "2003.03.03"]
[Round "9"]
[White "Kramnik, V."]
[Black "Ponomariov, R."]
[Result "1/2-1/2"]
[WhiteElo "2807"]
[BlackElo "2734"]
[PlyCount "65"]
[EventDate "2003.02.22"]

1. e4 e5 2. Nf3 Nc6 3. Bb5 a6 4. Ba4 Nf6 5. O-O Be7 6. Re1 b5 7. Bb3 d6 8. c3
O-O 9. h3 Na5 10. Bc2 c5 11. d4 Nd7 12. Kh1 (12. b3 cxd4 (12... exd4 13. cxd4
Nc6 14. Nc3 (14. d5 Nb4 15. Nc3 Bf6 16. Bb2 Nxc2 17. Qxc2 $11 {
1/2-1/2 Stein,L-Tal,M/Moscow 1964/EXT 2000 (19)}) 14... Bf6 15. Be3 cxd4 16.
Nxd4 Nxd4 17. Bxd4 Bb7 $11 {1/2-1/2 Stein,L-Darga,K/Amsterdam 1964/IZT (32)}) (
12... Rb8 13. Bb2 Nc6 14. d5 Na7 15. a4 bxa4 16. Rxa4 c4 $13 {
0-1 Vitolinsh,A-Romanishin,O/Jurmala 1983/MCD (44)}) (12... Qc7 13. Bb2 Bf6 14.
d5 Nb6 15. Nbd2 g6 16. Qe2 c4 17. Ba3 Bd7 18. Bb4 cxb3 19. axb3 Nb7 $13 {
1/2-1/2 Zhang Zhong-Peng Xiaomin/Shanghai 2001/CBM 85 (27)}) 13. cxd4 Nc6 14.
Nc3 Nb4 (14... exd4 15. Nd5 (15. Nxd4 $2 Nxd4 16. Qxd4 Bf6 $36) 15... Nde5 16.
Nxd4 Nxd4 17. Qxd4 Bf6 (17... Bxh3 18. f4 Nc6 19. Qc3 Bd7 20. Bb2 f6 21. Rad1
Rc8 22. Qd3 Bg4 23. Rd2 Re8 24. b4 Bf8 25. e5 f5 26. e6 Qh4 27. g3 Qh5 28. e7
Bxe7 29. Nxe7+ Nxe7 30. Qxd6 Ng6 31. Bb3+ Kh8 32. Re6 Qh3 33. Qd7 {
1-0 Ivanchuk,V-Iuldachev,S/Hyderabad IND 2002/The Week in Chess 414 (33).}) 18.
Kh1 (18. Nxf6+ Qxf6 19. Kh1 Qh4 {with lots of activity for Black.}) 18... Bxh3
(18... Re8 $142) 19. gxh3 {
1/2-1/2 Kasparov,G-Ponomariov,R/Moscow 2002/CBM 91/[Wedberg] (27).  (26)}) 15.
Bb2 {'allowing the exchange of Bc2 makes life easier for Black.'} (15. Bb1 $142
{and it's not clear what Black accomplished with his last move.}) 15... Nxc2
16. Qxc2 Bb7 17. d5 Rc8 18. Qd3 Nc5 19. Qd2 {
0-1 Siveri,A-Paoli,E/Reggio Emilia 1962/EXT 2000 (32).  (32)}) (12. dxc5 dxc5
13. Nbd2 Bb7 14. Nf1 Nc4 15. N3h2 Qc7 {
1-0 Shirov,A-Kazhgaleyev,M/Bastia FRA 2002/The Week in Chess 417 (77).  (76)})
(12. Nbd2 exd4 13. cxd4 Nc6 14. Nf1 cxd4 15. Nxd4 Nxd4 16. Qxd4 {
1/2-1/2 Georgiev,K-Gozzoli,Y/Paris FRA 2003/The Week in Chess 433 (25).  (24)})
12... Bb7 13. d5 f5 14. exf5 Nc4 15. Nbd2 Nxd2 16. Qxd2 Nf6 17. Ng5 Bxd5 18. f4
Qc7 19. Ne6 Bxe6 20. fxe6 Nh5 (20... Rae8 {-Malakhov
} 21. Qe2 exf4 22. Bxf4
Qc6 23. Rad1) 21. Qd5 Rad8 (21... c4 22. Qf3 Nxf4 23. Bxf4 exf4 24. Rad1 {
and this must be slightly better for White (Malakhov)}) 22. f5 Ng3+ (22... Nf6
23. Qf3 d5 24. Rxe5 {-Malakhov/Razuvaev}) (22... Kh8 23. Qf3 Nf6) (22... h6 23.
Qf3 Nf6 24. Qg3 Kh8 25. Bd2) 23. Kh2 Nxf5 24. Rf1 Nh4 (24... g6 25. g4 Nd4 (
25... Nh4 26. Bh6 Rxf1 27. Rxf1 $18) 26. Rxf8+ Rxf8 27. cxd4 Rf2+ 28. Kg1 Rxc2
29. Bg5) 25. Bg5 {Malakhov/Razuvaev: '(!)'} 25... Ng6 26. h4 Nf4 27. Bxf4 exf4
28. g3 f3 (28... fxg3+ 29. Kxg3 Kh8 30. Qh5 d5+ 31. Kh3 g6 32. Bxg6 Bf6 33.
Rae1) 29. Rxf3 Rxf3 30. Qxf3 Rf8 31. Qd3 (31. Qh5 g6 32. Bxg6 hxg6 33. Qxg6+
Kh8 34. Re1 d5 35. Qh5+ Kg8 36. Re5 Bf6 37. Rxd5 Bg7 38. Rxc5) 31... g6 32. Rf1
Qc8 33. Rxf8+ 1/2-1/2